Pokémon normal 1ère génération par image - Statistiques

Statistiques générales
  • Ce quiz a été pris 70 fois
  • Le résultat moyen est 20 sur 22
Statistiques - réponses
Par images Réponse % Correct
Rattata
100%
Piafabec
98%
Rondoudou
98%
Évoli
97%
Métamorph
97%
Miaouss
97%
Rattatac
95%
Ronflex
95%
Roucarnage
95%
Roucoups
95%
Doduo
92%
Roucool
92%
Canarticho
90%
Grodoudou
89%
Kangourex
89%
Persian
89%
Tauros
89%
Porygon
86%
Excelangue
83%
Leveinard
81%
Dodrio
79%
Rapasdepic
75%
Aucun quiz correspondant
Distribution des résultats
% des personnes avec chaque résultat
Percentile par nombre de réponses
Votre historique - résultats
Vous n’avez pas pris ce quiz